000 00309nam a2200121Ia 4500
008 190216s9999||||xx |||||||||||||| ||und||
100 _aBalakrishnapillay K
245 0 _aPrayathnathishtitha Moolya Sidhandham
260 _bKerala Bhasha Institute
_c1974
300 _a71p
650 _aEconomics
942 _cBK
999 _c38319
_d38319